Annual Digest of Statistics 1992 Republik of Mauritius
Saved in:
| Format: | Book |
|---|---|
| Language: | English |
| Published: |
Port Louis
Central Statistical Office
1993
|
| Edition: | 1. ed. |
| Subjects: | |
| Tags: |
No Tags, Be the first to tag this record!
|
MARC
| LEADER | 00000nam a2200000 4500 | ||
|---|---|---|---|
| 001 | c011908 | ||
| 005 | 20221214083431.9 | ||
| 041 | 0 | |a eng | |
| 044 | |a MU | ||
| 245 | 1 | 0 | |a Annual Digest of Statistics 1992 |b Republik of Mauritius |
| 250 | |a 1. ed. | ||
| 264 | 1 | |a Port Louis |b Central Statistical Office |c 1993 | |
| 300 | |a 145 s. | ||
| 610 | 2 | 0 | |a Maurícius |